| 000 | 00523nam a2200169Ia 4500 | ||
|---|---|---|---|
| 999 |
_c7214 _d7214 |
||
| 003 | OSt | ||
| 005 | 20200130131226.0 | ||
| 008 | 190216s9999||||xx |||||||||||||| ||und|| | ||
| 020 | _a9788183700153 | ||
| 040 | _coclc | ||
| 082 |
_a338.04095417 _bPRA/E |
||
| 100 |
_aPrasain, G P _91136 |
||
| 245 | 0 |
_aEntrepreneurship And Small Scale Industries / _cG P Prasain |
|
| 260 |
_bAkansha Publishing House, _c2008. _aNew Delhi: |
||
| 300 | _a413p | ||
| 942 |
_cBK _2ddc _h338.04095417 _iPRA/E _k338.04095417 _mPRA/E |
||